Les villes de la métropole de Lyon sur une carte - Statistiques

Statistiques générales
  • Ce quiz a été pris 5 225 fois
  • Le résultat moyen est 20 sur 59
Réponses sur la Carte
Les réponses sont colorées sur une échelle allant du rouge au vert en fonction du pourcentage des utilisateurs qui les ont devinées à leur premier essai. Vous pouvez retrouver ces pourcentages ci-dessous.
 
Statistiques - réponses
Réponse % Correct
Lyon
97%
Villeurbanne
96%
Vénissieux
85%
Bron
74%
Vaulx-en-Velin
71%
Saint-Priest
66%
Caluire-et-Cuire
64%
Oullins
64%
Meyzieu
56%
Écully
54%
Tassin-la-Demi-Lune
53%
Décines-Charpieu
50%
Givors
48%
Rillieux-la-Pape
47%
Saint-Genis-Laval
46%
Sainte-Foy-lès-Lyon
45%
Saint-Fons
44%
Dardilly
42%
Feyzin
41%
Francheville
38%
La Mulatière
38%
Pierre-Bénite
38%
Saint-Cyr-au-Mont-d'Or
36%
Limonest
35%
Corbas
34%
Craponne
33%
Chassieu
32%
Saint-Didier-au-Mont-d'Or
32%
Champagne-au-Mont-d'Or
31%
Jonage
29%
Neuville-sur-Saône
28%
Mions
27%
Grigny
26%
Irigny
26%
Collonges-au-Mont-d'Or
25%
Sathonay-Camp
22%
Marcy-l'Étoile
21%
Saint-Germain-au-Mont-d'Or
21%
Vernaison
21%
Fontaines-sur-Saône
20%
Solaize
20%
Charbonnières-les-Bains
19%
Charly
19%
Sathonay-Village
18%
La Tour-de-Salvagny
17%
Couzon-au-Mont-d'Or
16%
Genay
16%
Saint-Genis-les-Ollières
16%
Albigny-sur-Saône
15%
Quincieux
15%
Saint-Romain-au-Mont-d'Or
15%
Cailloux-sur-Fontaines
14%
Lissieu
14%
Poleymieux-au-Mont-d'Or
13%
Curis-au-Mont-d'Or
11%
Rochetaillée-sur-Saône
11%
Fontaines-Saint-Martin
10%
Montanay
10%
Fleurieu-sur-Saône
9%
Aucun quiz correspondant
Distribution des résultats
% des personnes avec chaque résultat
Percentile par nombre de réponses
Votre historique - résultats
Vous n’avez pas pris ce quiz